000 00628nam a2200229Ia 4500
003 OSt
005 20221007071924.0
006 a|||||r|||| 00| 0
007 ta
008 221006b |||||||| |||| 00| 0 eng d
024 _a17,124
037 _cTextual
040 _aFLL
_cFLL
_beng
041 _2eng
_aeng
082 _aXM55:5p3,N69, L2
100 _aGunter Hans Ed.
_9689674
245 0 _aTransnational industrial relations
260 _aLondon
_bMacmillan Co. England
_c1972
300 _axvii,479p
_ccm.
942 _hXM55:5p3,N69, L2
_cTEXL
_2CC
999 _c1144674
_d1144674